Score 0/24 Timer 03:00
0 Plays Today
Film Word % Correct
Schindler's _____List
99.1%
_____ GumpForrest
99%
_____ FictionPulp
98.8%
Saving _____ RyanPrivate
98.5%
The _____ MileGreen
95%
Full _____ JacketMetal
93.4%
The _____ RedemptionShawshank
93.4%
Lawrence of _____Arabia
92.6%
Some Like It _____Hot
92.4%
Raging _____Bull
92%
It's a _____ LifeWonderful
88.9%
North by _____Northwest
88.5%
Film Word % Correct
_____ BeautyAmerican
86.3%
_____ DriverTaxi
83.7%
Sunset _____Boulevard
81.3%
L.A. _____Confidential
80%
_____ for a DreamRequiem
69.8%
Life Is _____Beautiful
68.8%
_____ NowApocalypse
68.3%
_____ LightsCity
59.5%
Modern _____Times
50.5%
City of _____God
43%
Cinema _____Paradiso
39.2%
Bicycle _____Thieves
35.1%

Today's Daily Dose

Remove Ads.
Support Sporcle.
Get the best of Sporcle when you Go Orange. This ad-free experience offers more features, more stats, and more fun while also helping to support Sporcle. Thank you for becoming a member.

You're not logged in!

Compare scores with friends on all Sporcle quizzes.
OR
Log In

Show Comments

Extras

Top Quizzes Today


Score Distribution

Your Account Isn't Verified!

In order to create a playlist on Sporcle, you need to verify the email address you used during registration. Go to your Sporcle Settings to finish the process.

Report this User

Report this user for behavior that violates our Community Guidelines.

Details: